Echo sounding and sonar for fishing

Uloženo v:
Podrobná bibliografie
Médium: Kniha
Jazyk:angličtina
Vydáno: Surrey FAO 1980
Edice:FAO Fishing Manuals
Témata:
Tagy: Přidat tag
Žádné tagy, Buďte první, kdo vytvoří štítek k tomuto záznamu!

MARC

LEADER 00000nam a2200000 a 4500
001 UCI9682
003 CL-VaPUC
008 081128e19800000uk |||||||||||||||||eng|d
020 |a 0852381107 
082 0 4 |a 620.25  |b ECH  |2 21 
245 1 0 |a Echo sounding and sonar for fishing 
300 |a 104 p 
942 |c BK 
945 |d 20081128 00:00:00  |a jtorresc 
260 |a Surrey  |b FAO  |c 1980 
650 7 |a SONDEO ACUATICO DE PECES  |2 CL-VaPUC  |9 533555 
650 7 |a DETECCION DE PECES  |2 CL-VaPUC  |9 261990 
583 |a last modification  |c 20150507 04:55:52  |k Rodrigo Vera 
490 0 |a FAO Fishing Manuals 
999 |c 332165  |d 332163 
952 |0 0  |1 0  |2 ddc  |4 0  |6 620_250000000000000_ECH_1980  |7 0  |8 CCM  |9 419596  |a BIBCUR  |b BIBCUR  |d 2019-11-22  |i 4499891  |o 620.25 ECH 1980  |p 4499891  |r 2025-04-22  |w 2019-11-22  |y BK  |k CIM